| 000 | 01284cam a2200397 a 4500 | ||
|---|---|---|---|
| 001 | 7725836 | ||
| 003 | ARRUPE | ||
| 005 | 20140121135032.0 | ||
| 008 | 090831s2010 enk b 001 0 eng | ||
| 010 | _a 2009036361 | ||
| 020 | _a9780521874762 (hbk.) | ||
| 020 | _a0521874769 (hbk.) | ||
| 020 | _a9780521697545 (pbk.) | ||
| 020 | _a0521697549 (pbk.) | ||
| 024 | _a40017737918 | ||
| 035 | _a(OCoLC)ocn428024397 | ||
| 035 |
_a(OCoLC)428024397 _z(OCoLC)456838761 |
||
| 035 | _a(NNC)7725836 | ||
| 040 |
_aDLC _cDLC _dBTCTA _dBWKUK _dBWK _dUKM _dNLGGC |
||
| 043 |
_ae------ _aaw----- _aff----- |
||
| 050 | 0 | 0 |
_aB525 _b.C36 2010 |
| 082 | 0 | 0 |
_a186 _222 |
| 084 |
_a08.21 _2bcl |
||
| 245 | 0 | 4 |
_aThe Cambridge companion to ancient scepticism / _cedited by Richard Bett. |
| 260 |
_aCambridge, UK ; _aNew York : _bCambridge University Press, _c2010. |
||
| 300 |
_axii, 380 p. ; _c24 cm. |
||
| 490 | 1 | _aCambridge companions to philosophy | |
| 504 | _aIncludes bibliographical references and indexes. | ||
| 650 | 0 |
_aSkeptics (Greek philosophy) _96806 |
|
| 650 | 0 |
_aSkepticism _zRome. _96807 |
|
| 700 | 1 |
_aBett, Richard Arnot Home. _96808 |
|
| 830 | 0 |
_aCambridge companions to philosophy. _96809 |
|
| 942 |
_2lcc _cMONOGRAPH |
||
| 948 | 1 |
_a20100503 _bc _csl13 _dMPS |
|
| 999 |
_c119611 _d119611 |
||